Statistics for All 40 Home Run Hitters in Atlanta Braves History

Click here to take the quiz!

General Stats

  • This quiz has been taken 72 times
  • The average score is 8 of 14

Answer Stats

YearsPlayer% Correct
2005, 2006Andruw Jones
100%
1999Chipper Jones
100%
2019, 2023Ronald Acuna Jr.
97%
1957, 1960, 1962, 1963, 1966, 1969, 1971, 1973Hank Aaron
93%
2023Matt Olson
92%
1987Dale Murphy
71%
2023Marcell Ozuna
68%
1953, 1954, 1955, 1959Eddie Mathews
66%
1993David Justice
41%
2003Javy Lopez
36%
1998Andres Galarraga
27%
1973Darrell Evans
24%
1973Davey Johnson
19%
1977Jeff Burroughs
7%

Score Distribution

Percentile by Number Answered

Percent of People with Each Score

Your Score History

You have not taken this quiz